| 000 | 00601nam a22001817a 4500 | ||
|---|---|---|---|
| 999 |
_c191694 _d191694 |
||
| 005 | 20220831164609.0 | ||
| 010 | _aENG-134841 | ||
| 020 |
_a97893810008621 _c158.1 |
||
| 035 | _aEN-118373 | ||
| 037 | _bDBAD/PUB | ||
| 082 | _a158.1 | ||
| 100 | _aSai, Vasantha | ||
| 245 |
_aWho is in Swami's Heart New Bliss/ _cVasantha Sai |
||
| 260 |
_aTamil Nadu _bMukti Nilayam _c2011 |
||
| 270 |
_bTamil Nadu _aRoyapalayam Village B.O. Tirumangalama S.O. Madurai-Virudhunagar Road, Madurai Dt. _e625706 _mmukthinilayam@gmail.com |
||
| 300 |
_a195p. _c21cm(pbk) |
||
| 942 |
_2ddc _cEN _h158.1 _mSAI |
||